[Event "USCL Week 7"]
[Site "Internet Chess Club"]
[Date "2011.10.11"]
[Round "?"]
[White "Wu, Christopher"]
[Black "Bodek, Michael"]
[Result "1/2-1/2"]
[WhiteElo "2151"]
[BlackElo "2288"]
[PlyCount "59"]
[EventDate "2011.??.??"]

1. e4 c5 2. Nf3 d6 3. d4 cxd4 4. Nxd4 Nf6 5. Nc3 g6 6. Be3 Bg7 7. h3 O-O 8. Be2
Nc6 9. O-O d5 10. exd5 Nb4 11. Nb3 Nfxd5 12. Nxd5 Nxd5 13. Bd4 Bxd4 14. Qxd4 e5
15. Qxe5 Re8 16. Qd4 Rxe2 17. c4 Be6 18. Rad1 Qg5 19. h4 Qf5 20. cxd5 Re4 21.
Qc5 Re5 22. Nd4 Rxd5 23. Qc3 Qf6 24. Nxe6 Qxe6 25. Qb3 Rad8 26. Rxd5 Qxd5 27.
Qxd5 Rxd5 28. f3 Kg7 29. Rf2 Kf6 30. Re2 1/2-1/2

[Event "USCL Week 7"]
[Site "Internet Chess Club"]
[Date "2011.10.11"]
[Round "?"]
[White "Bartell, Tom"]
[Black "van de Mortel, Jan"]
[Result "1/2-1/2"]
[WhiteElo "2405"]
[BlackElo "2499"]
[PlyCount "77"]
[EventDate "2011.??.??"]

1. d4 d5 2. c4 c6 3. Nf3 Nf6 4. Nc3 g6 5. Bf4 Bg7 6. e3 O-O 7. Bd3 c5 8. dxc5
Qa5 9. O-O dxc4 10. Bxc4 Qxc5 11. Qb3 Nc6 12. Ng5 e6 13. Qb5 Qxb5 14. Bxb5 Nd5
15. Nxd5 exd5 16. Bxc6 bxc6 17. Rac1 Ba6 18. Rfd1 Bxb2 19. Rxc6 Bc4 20. Rb1 Bg7
21. a3 Rfc8 22. Rxc8+ Rxc8 23. Nf3 Ba2 24. Rb8 Rxb8 25. Bxb8 a5 26. Bc7 a4 27.
Bd6 Bc4 28. Nd4 f5 29. f4 Bf6 30. Kf2 Bd8 31. Bb4 Kf7 32. Ke1 Bb6 33. Kd2 Kg7
34. Ne6+ Kf7 35. Ng5+ Kg8 36. Ne6 Kf7 37. Ng5+ Kg8 38. Ne6 Kf7 39. Ng5+ 1/2-1/2

[Event "USCL Week 7"]
[Site "Internet Chess Club"]
[Date "2011.10.11"]
[Round "?"]
[White "Herman, Matt"]
[Black "Ng, Andrew"]
[Result "1-0"]
[WhiteElo "2426"]
[BlackElo "2263"]
[PlyCount "63"]
[EventDate "2011.??.??"]

1. e4 c5 2. Nf3 d6 3. d4 cxd4 4. Nxd4 Nf6 5. Nc3 g6 6. Be3 Bg7 7. f3 O-O 8. Bc4
Nc6 9. Qd2 Bd7 10. h4 Ne5 11. Bb3 Qa5 12. h5 Nxh5 13. g4 Nf6 14. Bh6 Bxh6 15.
Rxh6 Rfc8 16. O-O-O Nc4 17. Bxc4 Rxc4 18. Nb3 Qe5 19. Rdh1 Rac8 20. f4 Qe6 21.
g5 Nh5 22. R1xh5 gxh5 23. Rxe6 fxe6 24. Qe2 Be8 25. Nd2 R4c7 26. Nf1 b5 27. Ne3
b4 28. Nb5 Rc5 29. Nd4 Bf7 30. Nb3 R5c6 31. Qb5 h4 32. Qxb4 1-0

[Event "USCL Week 7"]
[Site "Internet Chess Club"]
[Date "2011.10.11"]
[Round "?"]
[White "Fisher, William"]
[Black "Krasik, Ilya"]
[Result "1-0"]
[WhiteElo "2369"]
[BlackElo "2264"]
[PlyCount "175"]
[EventDate "2011.??.??"]

1. d4 d5 2. c4 e6 3. Nc3 c6 4. e4 dxe4 5. Nxe4 Bb4+ 6. Bd2 Qxd4 7. Bxb4 Qxe4+
8. Ne2 Na6 9. Bd6 Nh6 10. f3 Qh4+ 11. g3 Qf6 12. Nc3 c5 13. Bh3 Bd7 14. O-O
O-O-O 15. Ne4 Qd4+ 16. Qxd4 cxd4 17. Be5 f6 18. Bxd4 b6 19. Nxf6 gxf6 20. Bxf6
Nc5 21. Bxh8 Rxh8 22. Rfd1 a5 23. Kf2 Kc7 24. Rd2 Rf8 25. Re1 Bc6 26. Kg1 Nf7
27. f4 Nd6 28. b3 h5 29. Bg2 h4 30. Bxc6 Kxc6 31. Kg2 hxg3 32. hxg3 Nf5 33. Kf3
Rh8 34. Rg1 Nd7 35. g4 Ne7 36. Rgd1 Nc5 37. Rd8 Rh3+ 38. Kg2 Rh7 39. Kg3 Ne4+
40. Kf3 Nc5 41. R1d4 Rf7 42. Rd2 Ng6 43. R8d4 Ne7 44. Re2 Kc7 45. Kg3 Rg7 46.
Rd1 Nf5+ 47. Kh3 Rh7+ 48. Kg2 Rg7 49. g5 Rh7 50. Ree1 Rh4 51. Kf3 Rh2 52. Re2
Rh3+ 53. Kg2 Rg3+ 54. Kh2 Rf3 55. g6 Rxf4 56. Rg1 Rh4+ 57. Kg2 Nd3 58. Kf1 Rf4+
59. Kg2 Rg4+ 60. Kh1 Rxg1+ 61. Kxg1 Nf4 62. Re4 Nxg6 63. Rxe6 Nge7 64. Kf2 Nc6
65. Rf6 Nd6 66. Ke3 a4 67. Rf3 Nb4 68. Rf2 a3 69. Rh2 Nf5+ 70. Ke4 Ne7 71. Rd2
Nec6 72. Rg2 Kd6 73. Rh2 Na5 74. Kd4 Nac6+ 75. Kc3 Kc5 76. Rh5+ Kd6 77. Rh2 Kc5
78. Rf2 Kd6 79. Rg2 Kc5 80. Rd2 Ne5 81. Re2 Ned3 82. Rg2 Kc6 83. Rg6+ Kc5 84.
Rg5+ Kc6 85. Rb5 Nxa2+ 86. Kxd3 Nc1+ 87. Kc2 Nd3 88. Kb1 1-0

[Event "USCL Week 7"]
[Site "Internet Chess Club"]
[Date "2011.10.11"]
[Round "?"]
[White "Alvarez, Ernesto"]
[Black "Matikozyan, Andranik"]
[Result "0-1"]
[WhiteElo "2207"]
[BlackElo "2505"]
[PlyCount "86"]
[EventDate "2011.??.??"]

1. d4 Nf6 2. c4 g6 3. Nc3 Bg7 4. e4 d6 5. Bg5 O-O 6. Qd2 Na6 7. f3 e5 8. Nge2
c6 9. O-O-O Qe8 10. Bh6 Be6 11. h4 Bxc4 12. h5 Qe7 13. Ng3 Bxh6 14. Qxh6 Bxf1
15. Rhxf1 Rfd8 16. Rh1 Nc7 17. Rh3 Ne6 18. Nce2 Ne8 19. hxg6 fxg6 20. Kb1 Rd7
21. f4 Nxd4 22. Nxd4 exd4 23. Rxd4 Qg7 24. e5 Qxh6 25. Rxh6 Rad8 26. e6 Re7 27.
f5 Kg7 28. Rdh4 Nf6 29. Kc2 d5 30. Kd3 c5 31. Ke3 g5 32. Rxf6 Kxf6 33. Rh6+ Ke5
34. Kf3 d4 35. Rh1 d3 36. Re1+ Kf6 37. Kg4 Rd4+ 38. Re4 Rxe4+ 39. Nxe4+ Ke5 40.
f6 Rxe6 41. f7 d2 42. f8=Q d1=Q+ 43. Kxg5 Rg6+ 0-1

[Event "USCL Week 7"]
[Site "Internet Chess Club"]
[Date "2011.10.11"]
[Round "?"]
[White "Rosenthal, Nicholas"]
[Black "Hilby, Craig"]
[Result "1-0"]
[WhiteElo "2062"]
[BlackElo "2010"]
[PlyCount "109"]
[EventDate "2011.??.??"]

1. e4 e5 2. Nf3 Nc6 3. Nc3 Nf6 4. Bb5 d6 5. h3 Be7 6. d3 O-O 7. O-O Bd7 8. Re1
a6 9. Ba4 b5 10. Bb3 Na5 11. Be3 Nxb3 12. axb3 c5 13. Qd2 Bc6 14. Bg5 Nh5 15.
g4 Bxg5 16. Qxg5 Nf4 17. Qxd8 Rfxd8 18. Kh2 g6 19. Nh4 Bb7 20. Ne2 Ne6 21. Ra5
Rac8 22. c4 bxc4 23. bxc4 Rc6 24. Ng2 Rb6 25. Ra2 Rb8 26. f4 Bc8 27. fxe5 dxe5
28. Rb1 Nd4 29. Nc3 Nb3 30. Nd5 Rd6 31. Nge3 Nd4 32. Rf1 Kg7 33. Rf2 Rb3 34.
Ra3 Rxa3 35. bxa3 Ne6 36. Rb2 Nf4 37. Nxf4 exf4 38. Nd5 g5 39. e5 Re6 40. Rb8
Bd7 41. Nf6 Rxf6 42. exf6+ Kxf6 43. Rb6+ Ke5 44. Rxa6 Be6 45. Kg2 Kd4 46. Rd6+
Kc3 47. Rd5 Kb3 48. Rxg5 Kxa3 49. Rxc5 Kb4 50. Rb5+ Kc3 51. Rd5 Kb4 52. Rd8 Kc5
53. Kf3 f5 54. gxf5 Bxf5 55. Rd5+ 1-0

[Event "USCL Week 7"]
[Site "Internet Chess Club"]
[Date "2011.10.11"]
[Round "?"]
[White "Abrahamyan, Tatev"]
[Black "Rodriguez, Eric"]
[Result "1-0"]
[WhiteElo "2415"]
[BlackElo "2397"]
[PlyCount "61"]
[EventDate "2011.??.??"]

1. e4 c5 2. Nf3 d6 3. d4 cxd4 4. Nxd4 Nf6 5. Nc3 Bd7 6. Be3 e5 7. Nb3 Bc6 8.
Qf3 a5 9. a4 Na6 10. O-O-O Nb4 11. Rd2 h6 12. Kb1 Be7 13. Rg1 O-O 14. g4 Nd7
15. g5 Bxg5 16. Bxg5 hxg5 17. Qh5 Nb6 18. Rxg5 Qf6 19. f4 g6 20. f5 Kg7 21.
Rdg2 Be8 22. Bb5 Nc6 23. Nd5 Nxd5 24. exd5 Ne7 25. Nd2 Rh8 26. Qg4 Nxd5 27. Ne4
Qe7 28. Bxe8 Raxe8 29. f6+ Qxf6 30. Nxf6 Nxf6 31. Rxg6+ 1-0

[Event "USCL Week 7"]
[Site "Internet Chess Club"]
[Date "2011.10.11"]
[Round "?"]
[White "Cozianu, Costin"]
[Black "Finegold, Ben"]
[Result "0-1"]
[WhiteElo "2508"]
[BlackElo "2568"]
[PlyCount "64"]
[EventDate "2011.??.??"]

1. e4 c5 2. Nf3 Nc6 3. Bb5 e6 4. O-O Nge7 5. Re1 a6 6. Bf1 d5 7. d3 d4 8. Nbd2
e5 9. a4 f6 10. Nc4 Be6 11. g3 Nc8 12. Nh4 Nd6 13. b3 Nxc4 14. dxc4 Qd7 15. Bd3
O-O-O 16. Bd2 g6 17. Qe2 Be7 18. Ng2 g5 19. Red1 h5 20. f3 Rdf8 21. Rf1 Bd6 22.
Rf2 Ne7 23. Ne1 Ng6 24. Qd1 g4 25. Bf1 h4 26. fxg4 hxg3 27. hxg3 Bxg4 28. Be2
Be6 29. Nf3 Rfg8 30. Rg2 Bh3 31. Bf1 Bxg2 32. Bxg2 Qg4 0-1

[Event "USCL Week 7"]
[Site "Internet Chess Club"]
[Date "2011.10.11"]
[Round "?"]
[White "Sinanan, Joshua"]
[Black "Eckert, Doug"]
[Result "1-0"]
[WhiteElo "2288"]
[BlackElo "2240"]
[PlyCount "63"]
[EventDate "2011.??.??"]

1. d4 Nf6 2. c4 g6 3. g3 Bg7 4. Bg2 d5 5. cxd5 Nxd5 6. Nf3 Nb6 7. Nc3 Nc6 8. e3
O-O 9. O-O Re8 10. Re1 a5 11. Qe2 Be6 12. Rd1 Bc4 13. Qc2 Nb4 14. Qd2 c6 15. b3
Be6 16. Ba3 Bf5 17. Rac1 Qd7 18. e4 Bg4 19. Ne2 Qd6 20. h3 Bxf3 21. Bxf3 e5 22.
Qe3 exd4 23. Nxd4 N6d5 24. Qd2 Nf6 25. Qe3 Qe5 26. Rc4 Rad8 27. Bxb4 axb4 28.
Re1 Bf8 29. Ne2 Ra8 30. Nc1 Qc7 31. Qd2 Nd7 32. Bg2 1-0

[Event "USCL Week 7"]
[Site "Internet Chess Club"]
[Date "2011.10.12"]
[Round "?"]
[White "Fikiet, Alex"]
[Black "Black, James"]
[Result "1/2-1/2"]
[WhiteElo "2255"]
[BlackElo "2184"]
[PlyCount "53"]
[EventDate "2011.??.??"]

1. d4 d5 2. c4 c6 3. Nf3 Nf6 4. Nc3 e6 5. Bg5 h6 6. Bh4 dxc4 7. e4 g5 8. Bg3 b5
9. e5 Nh5 10. Be2 Bb7 11. O-O Nd7 12. Nd2 Nxg3 13. fxg3 Qb6 14. Nde4 O-O-O 15.
Kh1 Nxe5 16. dxe5 Rxd1 17. Raxd1 Qa5 18. a3 c5 19. Rxf7 b4 20. Nb5 Bxe4 21.
Bxc4 a6 22. Na7+ Kb8 23. Bd5 Bxd5 24. Rxd5 Qb6 25. Rd8+ Qxd8 26. Nc6+ Kc8 27.
Na7+ 1/2-1/2

[Event "USCL Week 7"]
[Site "Internet Chess Club"]
[Date "2011.10.12"]
[Round "?"]
[White "Vigorito, David"]
[Black "Vovsha, Eli"]
[Result "0-1"]
[WhiteElo "2547"]
[BlackElo "2531"]
[PlyCount "46"]
[EventDate "2011.??.??"]

1. c4 Nf6 2. Nc3 d5 3. cxd5 Nxd5 4. Nf3 Nxc3 5. bxc3 g6 6. h4 h6 7. Qa4+ Qd7 8.
Qb3 Bg7 9. g3 Nc6 10. Rb1 b6 11. Bh3 e6 12. d4 Bb7 13. Qc2 Na5 14. O-O f5 15.
Bg2 Be4 16. Qb2 Nc4 17. Qb3 Bxb1 18. Ne5 Nxe5 19. Bxa8 Nf7 20. Qxb1 c6 21. Ba3
Qc8 22. Qb4 Bf8 23. Qa4 Qxa8 0-1

[Event "USCL Week 7"]
[Site "Internet Chess Club"]
[Date "2011.10.12"]
[Round "?"]
[White "Xiong, Jeffery"]
[Black "Adelberg, David"]
[Result "0-1"]
[WhiteElo "2237"]
[BlackElo "2354"]
[PlyCount "34"]
[EventDate "2011.??.??"]

1. e4 c5 2. Nf3 d6 3. d4 cxd4 4. Nxd4 Nf6 5. Nc3 a6 6. Bg5 e6 7. f4 Be7 8. Qf3
Qc7 9. O-O-O Nbd7 10. Bd3 h6 11. h4 b5 12. Bxf6 Nxf6 13. e5 Bb7 14. Qg3 dxe5
15. fxe5 O-O-O 16. Qxg7 Nh5 17. Qxf7 Bg5+ 0-1

[Event "USCL Week 7"]
[Site "Internet Chess Club"]
[Date "2011.10.12"]
[Round "?"]
[White "Mandizha, Farai"]
[Black "Cherniack, Alex"]
[Result "0-1"]
[WhiteElo "2494"]
[BlackElo "2319"]
[PlyCount "88"]
[EventDate "2011.??.??"]

1. e4 e6 2. Qe2 Nf6 3. g3 d5 4. e5 Nfd7 5. Bg2 c5 6. f4 Nc6 7. Nf3 Be7 8. O-O
O-O 9. c3 c4 10. d4 cxd3 11. Qxd3 Nc5 12. Qd1 Qb6 13. Nd4 f6 14. b4 Nxd4 15.
cxd4 Ne4 16. Be3 Qxb4 17. Bxe4 dxe4 18. Nd2 f5 19. Rc1 Bd7 20. Rb1 Qc3 21. Rb3
Qc6 22. g4 Qd5 23. gxf5 exf5 24. Nb1 Ba4 25. Nc3 Bxb3 26. Nxd5 Bxd1 27. Nxe7+
Kf7 28. Nxf5 Bg4 29. Nd6+ Ke6 30. Rc1 g5 31. fxg5 Rf3 32. Re1 Kd5 33. Bf2 Bf5
34. Rc1 e3 35. Bxe3 Bh3 36. Rc5+ Ke6 37. d5+ Kxe5 38. Nc4+ Kf5 39. d6+ Ke4 40.
Bf2 Rf5 41. Nd2+ Kd3 42. Nb3 Rxc5 43. Nxc5+ Ke2 44. d7 Rf8 0-1

[Event "USCL Week 7"]
[Site "Internet Chess Club"]
[Date "2011.10.12"]
[Round "?"]
[White "Milman, Lev"]
[Black "Hungaski, Robert"]
[Result "0-1"]
[WhiteElo "2490"]
[BlackElo "2621"]
[PlyCount "144"]
[EventDate "2011.??.??"]

1. e4 d5 2. exd5 Qxd5 3. Nc3 Qa5 4. d4 Nf6 5. Nf3 c6 6. Bc4 Bf5 7. Bd2 e6 8.
Nd5 Qd8 9. Nxf6+ gxf6 10. Bb3 Nd7 11. Qe2 Qc7 12. Nh4 Bg6 13. O-O-O O-O-O 14.
g3 Bd6 15. Nxg6 hxg6 16. h4 f5 17. h5 gxh5 18. Rxh5 Rxh5 19. Qxh5 Nf6 20. Qf3
Ne4 21. Be3 Rg8 22. Kb1 Be7 23. c3 Bg5 24. Bc2 Bxe3 25. Qxe3 Nf6 26. Rh1 Qd8
27. c4 Ng4 28. Qf4 Qc7 29. Qf3 Rd8 30. Rd1 Kb8 31. d5 a6 32. dxc6 Rxd1+ 33.
Bxd1 Ne5 34. Qf4 Qd6 35. Be2 bxc6 36. Kc2 c5 37. Qd2 Qc7 38. b4 Ka7 39. Qe3 Nd7
40. Bh5 Nf6 41. Bf3 Kb6 42. Qa3 cxb4 43. Qxb4+ Ka7 44. a4 Nd7 45. Bg2 Qb6 46.
Kc3 Nc5 47. a5 Qd6 48. Qb1 Qe5+ 49. Kd2 Qd4+ 50. Ke1 Qc3+ 51. Kf1 Qxa5 52. Qb2
Qd8 53. Bf3 Qd3+ 54. Kg2 Qxc4 55. Qf6 Kb6 56. Qxf7 Qd4 57. Qf8 Ka5 58. Qb8 Nd3
59. Qc7+ Kb4 60. Qb7+ Kc3 61. Qc7+ Kb2 62. Qb7+ Kc1 63. Qc7+ Qc5 64. Qc6 Kd2
65. Qxc5 Nxc5 66. g4 fxg4 67. Bxg4 a5 68. f4 a4 69. f5 exf5 70. Bxf5 a3 71. Bb1
Kc1 72. Ba2 Kb2 0-1

[Event "USCL Week 7"]
[Site "Internet Chess Club"]
[Date "2011.10.12"]
[Round "?"]
[White "Jones, Craig"]
[Black "Zimmer, Ralph"]
[Result "1/2-1/2"]
[WhiteElo "2305"]
[BlackElo "2280"]
[PlyCount "172"]
[EventDate "2011.??.??"]

1. d4 Nf6 2. c4 c5 3. d5 b5 4. Nf3 g6 5. cxb5 a6 6. b6 Qxb6 7. Nc3 d6 8. Nd2
Bg7 9. Nc4 Qc7 10. a4 Nbd7 11. e4 Rb8 12. a5 O-O 13. Be2 Re8 14. O-O e6 15.
dxe6 Rxe6 16. Bf4 Ne5 17. Bxe5 dxe5 18. Nd5 Nxd5 19. exd5 Re8 20. Nb6 Bb7 21.
Bc4 e4 22. d6 Qd8 23. Qb3 Rf8 24. Rad1 Bd4 25. d7 Qg5 26. Qg3 Qxg3 27. hxg3
Bxb2 28. Bd5 Rfd8 29. Bxb7 Rxb7 30. Rd5 Bc3 31. Rxc5 Bxa5 32. Nd5 Rb5 33. Rxb5
axb5 34. Ne7+ Kf8 35. Nc6 Bb6 36. Nxd8 Bxd8 37. Rb1 Ke7 38. Rxb5 Kxd7 39. Rd5+
Kc7 40. Re5 f5 41. g4 Kd6 42. Re8 Kd7 43. Rh8 fxg4 44. Rxh7+ Ke6 45. Rg7 Kf5
46. Kf1 Bf6 47. Rf7 Ke6 48. Rf8 Ke7 49. Ra8 Ke6 50. Ke2 Bd4 51. Rg8 Kf5 52.
Rf8+ Ke5 53. g3 Bc5 54. Rf4 g5 55. Rxg4 Bxf2 56. Rxg5+ Kf6 57. Rg8 Bc5 58. Rg4
Kf5 59. Rf4+ Ke5 60. Rf1 Ba7 61. g4 Bd4 62. Kd2 Ke6 63. Rf5 Bb6 64. Kc3 Ba7 65.
Kc4 Bb6 66. Rb5 Bf2 67. Ra5 Be3 68. Rh5 Bf2 69. Rh2 Ba7 70. Rh5 Bf2 71. Rf5 Ba7
72. Rf1 Bb6 73. g5 Bd8 74. g6 Bf6 75. Rg1 Bg7 76. Rg3 Ke5 77. Rg1 Kf5 78. Kd5
e3 79. Kd6 Ke4 80. Ke6 e2 81. Kf7 Bc3 82. Rc1 Kd3 83. g7 Bxg7 84. Kxg7 Kd2 85.
Ra1 e1=R 86. Rxe1 Kxe1 1/2-1/2

[Event "USCL Week 7"]
[Site "Internet Chess Club"]
[Date "2011.10.12"]
[Round "?"]
[White "Holt, Conrad"]
[Black "Banawa, Joel"]
[Result "1-0"]
[WhiteElo "2520"]
[BlackElo "2456"]
[PlyCount "75"]
[EventDate "2011.??.??"]

1. d4 g6 2. c4 Bg7 3. Nf3 c5 4. d5 d6 5. e4 Nf6 6. Nc3 e6 7. h3 exd5 8. cxd5 a6
9. a4 Nbd7 10. Bd3 Nh5 11. O-O Ne5 12. Be2 Nxf3+ 13. Bxf3 Qh4 14. Ra3 Be5 15.
Re1 Nf6 16. Ne2 Rg8 17. g3 Qxh3 18. Bg2 Qh5 19. f4 Ng4 20. fxe5 Qh2+ 21. Kf1
Nxe5 22. Ng1 Bg4 23. Nf3 Nxf3 24. Rxf3 O-O-O 25. Qb3 f5 26. exf5 Bxf3 27. Qxf3
Rdf8 28. f6 Qh5 29. g4 Qh4 30. f7 Rh8 31. Re4 Qd8 32. Bh6 Qd7 33. Rf4 g5 34.
Rf5 Qxa4 35. Kg1 Qa1+ 36. Kh2 Qxb2 37. Qe3 Qb6 38. Qe6+ 1-0

[Event "USCL Week 7"]
[Site "Internet Chess Club"]
[Date "2011.10.12"]
[Round "?"]
[White "Byambaa, Uyanga"]
[Black "Schmakel, Sam"]
[Result "0-1"]
[WhiteElo "2080"]
[BlackElo "2190"]
[PlyCount "112"]
[EventDate "2011.??.??"]

1. e4 c5 2. Nf3 d6 3. d4 cxd4 4. Qxd4 Nc6 5. Bb5 Bd7 6. Bxc6 Bxc6 7. Nc3 Nf6 8.
Bg5 e6 9. O-O-O Be7 10. Qd3 Qa5 11. Bd2 Rc8 12. Nd4 Qh5 13. f3 O-O 14. g4 Qc5
15. Be3 Qa5 16. Bd2 Qd8 17. Rhg1 Nd7 18. f4 g5 19. f5 Ne5 20. Qe2 Bd7 21. Kb1
Qb6 22. Nb3 Nc4 23. Bc1 a5 24. Rgf1 Bf6 25. fxe6 fxe6 26. h4 a4 27. hxg5 Bxc3
28. Rxf8+ Kxf8 29. bxc3 axb3 30. cxb3 Ne5 31. Be3 Qc6 32. Bd4 Kg8 33. Rh1 Be8
34. Kb2 Bg6 35. Re1 Nf7 36. e5 d5 37. Qe3 b5 38. a3 Qc7 39. Rf1 Qe7 40. Rf6 Rc6
41. Qe2 Qb7 42. Qe3 Qc7 43. Qe2 Qb8 44. Qe3 Qc8 45. Qe2 Nxg5 46. Qxb5 Ne4 47.
Rf3 Rc7 48. Qe2 Rb7 49. b4 Qc6 50. Qf1 Rb8 51. Qd3 Ng5 52. Rf5 exf5 53. gxf5
Ne4 54. fxg6 Qxg6 55. Qf3 Rf8 56. Qh3 Nd2 0-1

[Event "USCL Week 7"]
[Site "Internet Chess Club"]
[Date "2011.10.12"]
[Round "?"]
[White "Young, Angelo"]
[Black "Naroditsky, Daniel"]
[Result "1/2-1/2"]
[WhiteElo "2415"]
[BlackElo "2516"]
[PlyCount "123"]
[EventDate "2011.??.??"]

1. d4 Nf6 2. Nf3 g6 3. c4 Bg7 4. Nc3 O-O 5. e4 d6 6. Be3 Na6 7. Be2 e5 8. dxe5
dxe5 9. O-O Ng4 10. Bg5 Qe8 11. Nd2 f6 12. Bh4 Nh6 13. a3 Nc5 14. b4 Ne6 15. c5
Nd4 16. Nd5 Rf7 17. Bc4 Be6 18. Re1 c6 19. Ne3 Rd7 20. Qc1 Nf7 21. Rb1 Rad8 22.
Ndf1 h5 23. f3 Qe7 24. a4 a5 25. Qc3 axb4 26. Qxb4 Bf8 27. Rec1 Bxc4 28. Rxc4
Ne6 29. Bf2 Nf4 30. Qb3 Nd3 31. Bh4 Nxc5 32. Qa2 Ne6 33. g4 Nfg5 34. Bxg5 Nxg5
35. gxh5 Nxf3+ 36. Kh1 Qe6 37. Qg2 Nh4 38. Qg4 Qxg4 39. Nxg4 Rd1 40. Rcc1 Rxc1
41. Rxc1 gxh5 42. Nxf6+ Kf7 43. Nxh5 Rd4 44. Rb1 Rb4 45. Rxb4 Bxb4 46. Ne3 Ng6
47. Ng3 Bc5 48. Nc4 b5 49. axb5 cxb5 50. Na5 Bb6 51. Nb3 Nf4 52. Nf5 b4 53. h4
Ne6 54. Nd6+ Kg6 55. Nc4 Bc7 56. Kg2 Kh5 57. Kg3 Bd8 58. Kf3 Bf6 59. Nca5 Nd8
60. Nc5 Kxh4 61. Nd3 Ne6 62. Nxb4 1/2-1/2

[Event "USCL Week 7"]
[Site "Internet Chess Club"]
[Date "2011.10.12"]
[Round "?"]
[White "Adamson, Robby"]
[Black "Kiewra, Keaton"]
[Result "0-1"]
[WhiteElo "2388"]
[BlackElo "2436"]
[PlyCount "86"]
[EventDate "2011.??.??"]

1. e4 c5 2. Nf3 d6 3. d4 Nf6 4. Nc3 cxd4 5. Nxd4 e6 6. Be2 Be7 7. O-O O-O 8. f4
Nc6 9. Kh1 a6 10. Nxc6 bxc6 11. Qd3 Qc7 12. b3 Bb7 13. Bb2 d5 14. e5 Nd7 15.
Qh3 c5 16. Rae1 g6 17. Nd1 Rfd8 18. Ne3 d4 19. Ng4 h5 20. Nh6+ Kg7 21. Nxf7
Kxf7 22. Bc4 Qc6 23. f5 Qxg2+ 24. Qxg2 Bxg2+ 25. Kxg2 gxf5 26. Rxf5+ Kg6 27.
Rf3 Rf8 28. Bxe6 Rad8 29. Bc4 Bh4 30. Bd3+ Kg7 31. Re2 Rde8 32. Rxf8 Nxf8 33.
Bc1 a5 34. a4 Bd8 35. Bf5 Bc7 36. Bf4 Ng6 37. Bxg6 Kxg6 38. Bg3 Kf5 39. e6 Bxg3
40. Kxg3 Rxe6 41. Rxe6 Kxe6 42. Kf4 Kd5 43. h4 d3 0-1

[Event "USCL Week 10"]
[Site "Internet Chess Club"]
[Date "2011.10.31"]
[Round "?"]
[White "Holt, Conrad"]
[Black "Pelaez, Jorge"]
[Result "1-0"]
[WhiteElo "2520"]
[BlackElo "2264"]
[PlyCount "75"]
[EventDate "2011.??.??"]

1. d4 Nf6 2. c4 c5 3. d5 b5 4. cxb5 a6 5. bxa6 g6 6. Nc3 Bxa6 7. e4 Bxf1 8.
Kxf1 d6 9. g3 Bg7 10. Kg2 O-O 11. Nf3 Nbd7 12. Re1 Qa5 13. Bd2 Rfb8 14. a4 Rxb2
15. Nb5 Rxd2 16. Nxd2 Nb6 17. Qc2 Ng4 18. Ra3 c4 19. Rb1 Rc8 20. Nf3 c3 21. h3
Ne5 22. Rxc3 Rxc3 23. Qxc3 Qxa4 24. Nfd4 Bf6 25. Ra1 Qc4 26. Qxc4 Nexc4 27. Ra7
Nd2 28. f3 h5 29. Nc6 Kf8 30. Rb7 Nbc4 31. Nc7 h4 32. Rb8+ Kg7 33. Ne8+ Kh7 34.
Nxf6+ exf6 35. gxh4 g5 36. hxg5 fxg5 37. Rb7 Kg7 38. Kf2 1-0

[Event "USCL Week 10"]
[Site "Internet Chess Club"]
[Date "2011.10.31"]
[Round "?"]
[White "Karlow, Nick"]
[Black "Rumph, Todd"]
[Result "1-0"]
[WhiteElo "2068"]
[BlackElo "2159"]
[PlyCount "55"]
[EventDate "2011.??.??"]

1. Nf3 d5 2. g3 Bg4 3. Bg2 Nd7 4. d4 c6 5. O-O Ngf6 6. Bg5 Qb6 7. Nbd2 h6 8.
Bxf6 Nxf6 9. c4 e6 10. cxd5 cxd5 11. Rc1 Bd6 12. Qa4+ Kf8 13. e4 Qb4 14. Qc2
dxe4 15. Ne5 Bf5 16. Ndc4 e3 17. Qe2 exf2+ 18. Qxf2 Bxe5 19. Nxe5 Qe7 20. Rc3
h5 21. Rfc1 Ne8 22. Rc8 Rxc8 23. Rxc8 Qb4 24. Rb8 Qa4 25. b3 Qa3 26. Qd2 f6 27.
Nc4 Qe7 28. Rxb7 1-0

[Event "USCL Week 10"]
[Site "Internet Chess Club"]
[Date "2011.10.31"]
[Round "?"]
[White "Atoufi, Pedram"]
[Black "Menon, Gopal"]
[Result "1-0"]
[WhiteElo "2326"]
[BlackElo "2222"]
[PlyCount "73"]
[EventDate "2011.??.??"]

1. e4 c5 2. Nf3 e6 3. d4 cxd4 4. Nxd4 Qb6 5. Nb3 Qc7 6. g3 Nf6 7. Bg2 d6 8. O-O
Be7 9. Nc3 a6 10. a4 Nc6 11. a5 O-O 12. f4 b5 13. axb6 Qxb6+ 14. Kh1 Bb7 15.
Re1 Rfd8 16. Be3 Qc7 17. Na4 Nd7 18. Qe2 Bf8 19. Red1 e5 20. f5 a5 21. c4 Ba6
22. Nc3 Nc5 23. Nd5 Qb7 24. Nxa5 Nxa5 25. Rxa5 Qb3 26. Rda1 Rdb8 27. Bxc5 Bxc4
28. Nf6+ gxf6 29. Qg4+ Kh8 30. Rxa8 dxc5 31. Rxb8 Qxb8 32. Qd1 Qxb2 33. Ra8 Kg7
34. Qg4+ Kh6 35. h3 Be7 36. Rg8 Qe2 37. Qg7+ 1-0

[Event "USCL Week 10"]
[Site "Internet Chess Club"]
[Date "2011.10.31"]
[Round "?"]
[White "Altounian, Levon"]
[Black "Felecan, Florin"]
[Result "1-0"]
[WhiteElo "2483"]
[BlackElo "2406"]
[PlyCount "81"]
[EventDate "2011.??.??"]

1. Nf3 Nf6 2. g3 g6 3. b3 Bg7 4. Bb2 d5 5. c4 c6 6. Bg2 O-O 7. O-O Bg4 8. d3
Bxf3 9. Bxf3 e6 10. Nd2 a5 11. a3 Na6 12. d4 Ne8 13. e3 f5 14. Be2 g5 15. Nf3
Nd6 16. Ne5 Nf7 17. Nd3 Nd6 18. Qc2 a4 19. c5 Nf7 20. bxa4 g4 21. h3 Ng5 22.
hxg4 Ne4 23. Nf4 Nc7 24. Kg2 Rb8 25. Rab1 Qe7 26. Rh1 fxg4 27. Bd3 Rf5 28. Bxe4
dxe4 29. Qxe4 Rbf8 30. Rh5 Qf7 31. Rbh1 Nd5 32. Rxh7 Qg6 33. Rxg7+ Kxg7 34. Rh4
Nxf4+ 35. gxf4 Kf7 36. Kg3 Rg8 37. Qh1 Rf6 38. d5 cxd5 39. Rh7+ Rg7 40. Rxg7+
Qxg7 41. Qh4 1-0

[Event "USCL Week 10"]
[Site "Internet Chess Club"]
[Date "2011.10.31"]
[Round "?"]
[White "Young, Angelo"]
[Black "Adamson, Robby"]
[Result "1-0"]
[WhiteElo "2415"]
[BlackElo "2388"]
[PlyCount "141"]
[EventDate "2011.??.??"]

1. d4 Nf6 2. Nf3 c5 3. c4 cxd4 4. Nxd4 e6 5. Nc3 a6 6. e3 Qc7 7. Be2 Be7 8. Bd2
O-O 9. Rc1 d6 10. g4 Nfd7 11. h4 b6 12. g5 Bb7 13. Rg1 Re8 14. h5 g6 15. hxg6
hxg6 16. f4 Bf8 17. Bf3 Nc5 18. Kf1 Nbd7 19. Bxb7 Qxb7 20. Qf3 Qxf3+ 21. Nxf3
Nd3 22. Rb1 Rec8 23. Ke2 Nb4 24. a3 Nc6 25. b3 Bg7 26. Rgc1 Kf8 27. b4 Ne7 28.
Kd3 Ra7 29. Ne4 Nf5 30. Nd4 Bxd4 31. exd4 Rac7 32. a4 Ke7 33. a5 bxa5 34. bxa5
Rh8 35. Rh1 Rxh1 36. Rxh1 Rb7 37. Rh8 Rb8 38. Rxb8 Nxb8 39. d5 Kd7 40. Bb4 Kc7
41. Nf6 Kd8 42. Be1 Nd7 43. Ne4 Kc7 44. Bb4 Nb8 45. Bc3 Nd7 46. Bd4 Kc8 47. Bf2
Kc7 48. Kc3 Ne7 49. Nf6 exd5 50. Nxd5+ Nxd5+ 51. cxd5 Kd8 52. Bd4 Ke7 53. Kd3
Kd8 54. Ke4 Ke7 55. f5 gxf5+ 56. Kxf5 Nf8 57. Bf2 Nd7 58. Bh4 Kf8 59. g6 Ne5
60. Be7+ Kg8 61. Bxd6 Nxg6 62. Kf6 Nf8 63. Bg3 Nd7+ 64. Ke7 Nc5 65. d6 Ne6 66.
d7 Kg7 67. d8=Q Nxd8 68. Kxd8 Kf6 69. Kc7 Ke6 70. Kb7 Kd7 71. Kxa6 1-0

[Event "USCL Week 10"]
[Site "Internet Chess Club"]
[Date "2011.11.02"]
[Round "?"]
[White "van de Mortel, Jan"]
[Black "Gulko, Boris"]
[Result "1/2-1/2"]
[WhiteElo "2499"]
[BlackElo "2587"]
[PlyCount "50"]
[EventDate "2011.??.??"]

1. c4 e6 2. Nf3 Nf6 3. g3 a6 4. Nc3 d5 5. cxd5 exd5 6. Bg2 Be7 7. O-O O-O 8. d4
Bf5 9. Ne5 c6 10. f3 c5 11. Be3 c4 12. Bg5 Nc6 13. e4 Be6 14. Bxf6 gxf6 15.
Nxc6 bxc6 16. f4 f5 17. exd5 cxd5 18. Qf3 Rb8 19. Rf2 Bf6 20. Rd1 Qb6 21. Rfd2
Rfd8 22. Kh1 Qa7 23. Qf2 Rb4 24. Bf3 Kh8 25. Qg2 Qd7 1/2-1/2

[Event "USCL Week 10"]
[Site "Internet Chess Club"]
[Date "2011.11.02"]
[Round "?"]
[White "Kapengut, Albert"]
[Black "Krasik, Ilya"]
[Result "0-1"]
[WhiteElo "2374"]
[BlackElo "2264"]
[PlyCount "56"]
[EventDate "2011.??.??"]

1. e4 c5 2. Nf3 e6 3. b3 Nc6 4. Bb2 d5 5. exd5 exd5 6. Bb5 Nf6 7. O-O Be7 8. d4
O-O 9. dxc5 Bxc5 10. Nc3 Bg4 11. Be2 Re8 12. a3 a6 13. h3 Bh5 14. b4 Bb6 15.
Na4 Ba7 16. Nc5 Ne4 17. Nxb7 Qe7 18. Bxa6 Ng5 19. Be2 Qxb7 20. Qxd5 h6 21. Rfe1
Rad8 22. Bd3 Rxe1+ 23. Rxe1 Qb8 24. Ne5 Rxd5 25. Nxc6 Nf3+ 26. Kf1 Nd2+ 27. Kg1
Bxf2+ 28. Kh1 Qa8 0-1